[Event "Defi Nez Rouge"]
[Site "Gatineau CAN"]
[Date "2011.12.06"]
[Round "2"]
[White "Morones, Oliver"]
[Black "Lemieux, Denis"]
[Result "0-1"]
[WhiteElo "1222"]
[BlackElo "1435"]
[PlyCount "116"]
[GameId "2160767909573362"]
[EventDate "2011.11.29"]
[EventType "swiss"]
[EventRounds "4"]
[EventCountry "CAN"]
[SourceTitle "EXT 2013"]
[Source "ChessBase"]
[SourceDate "2012.11.22"]
[SourceVersion "1"]
[SourceVersionDate "2012.11.22"]
[SourceQuality "1"]

1. d3 c6 2. e4 d5 3. e5 Bf5 4. Qf3 e6 5. h3 Qc7 6. Qg3 Nd7 7. f4 Bc5 8. Be3 Bg6 9. a3 Ne7 10. Qf2 d4 11. Bc1 O-O-O 12. b4 Bb6 13. Nd2 c5 14. b5 Ba5 15. Rb1 Nb6 16. Ngf3 Ned5 17. Be2 Ne3 18. Bd1 c4 19. Ke2 Nxd1 20. Kxd1 cxd3 21. cxd3 Bxd3 22. Rb2 Bc3 23. Nb3 Bxb2 24. Qxb2 Nc4 25. Qf2 Ne3+ 26. Bxe3 dxe3 27. Qb2 Bxb5+ 28. Nfd4 Rd5 29. Ke1 Ba6 30. g4 Rhd8 31. Rh2 Bd3 32. Nc2 Bc4 33. Nxe3 Bxb3 34. Nxd5 Bxd5 35. Rc2 Bc6 36. Kf2 Qd7 37. Kg3 Qd4 38. Rc3 Rd5 39. Qc2 Kc7 40. Qc1 Qd2 41. Qa1 Rd4 42. Kh4 Qxf4 43. Qc1 Qxe5 44. Re3 Qf4 45. Re1 Qxc1 46. Rxc1 Rd3 47. a4 Kd7 48. Rc4 Bg2 49. g5 Rxh3+ 50. Kg4 Rd3 51. Rf4 Ke7 52. Rf2 Bh3+ 53. Kf4 Bf5 54. Rb2 b6 55. a5 bxa5 56. Rb7+ Rd7 57. Rb5 a4 58. Ra5 Bc2 0-1

[Event "Defi Nez Rouge"]
[Site "Gatineau CAN"]
[Date "2011.12.13"]
[Round "3"]
[White "Beland, Guy"]
[Black "Arsenault, Yves"]
[Result "0-1"]
[WhiteElo "1448"]
[BlackElo "1537"]
[PlyCount "52"]
[GameId "2160767909573363"]
[EventDate "2011.11.29"]
[EventType "swiss"]
[EventRounds "4"]
[EventCountry "CAN"]
[SourceTitle "EXT 2013"]
[Source "ChessBase"]
[SourceDate "2012.11.22"]
[SourceVersion "1"]
[SourceVersionDate "2012.11.22"]
[SourceQuality "1"]

1. e4 c5 2. f4 Nc6 3. Nf3 d6 4. Bc4 e6 5. O-O Nge7 6. Nc3 d5 7. exd5 exd5 8. Nxd5 Nxd5 9. Ng5 Be7 10. Qf3 Be6 11. Nxe6 fxe6 12. Qh5+ g6 13. Qh6 Qd6 14. d3 O-O-O 15. Bd2 Nd4 16. c3 Nf5 17. Qh3 Nb6 18. Bb3 Qxd3 19. Bxe6+ Kb8 20. Be1 Qxh3 21. gxh3 Rd3 22. a4 Rhd8 23. Bf2 Nd5 24. Rad1 Nxf4 25. Bg3 Nxg3 26. hxg3 Nxe6 0-1

[Event "Defi Nez Rouge"]
[Site "Gatineau CAN"]
[Date "2011.12.13"]
[Round "3"]
[White "Danilov, Alex"]
[Black "Morel, Joseph"]
[Result "0-1"]
[WhiteElo "1782"]
[BlackElo "1603"]
[PlyCount "74"]
[GameId "2160767909573364"]
[EventDate "2011.11.29"]
[EventType "swiss"]
[EventRounds "4"]
[EventCountry "CAN"]
[SourceTitle "EXT 2013"]
[Source "ChessBase"]
[SourceDate "2012.11.22"]
[SourceVersion "1"]
[SourceVersionDate "2012.11.22"]
[SourceQuality "1"]

1. c4 e6 2. Nf3 Nf6 3. b3 d5 4. Bb2 Be7 5. g3 dxc4 6. bxc4 b6 7. Qa4+ Bd7 8. Qc2 Bc6 9. Bg2 O-O 10. O-O Bb7 11. Ng5 Bxg2 12. Bxf6 g6 13. Bxe7 Qxe7 14. Nxh7 Bxf1 15. Nxf8 Bxe2 16. Nc3 Qf6 17. Re1 Bf3 18. Nb5 Kxf8 19. Nxc7 Nd7 20. Nxa8 Bxa8 21. d4 Qf3 22. d5 exd5 23. Re3 Qf6 24. cxd5 Qa1+ 25. Kg2 Bxd5+ 26. f3 Ne5 27. Qe2 Nxf3 28. Rxf3 Qc3 29. Kf2 Qxf3+ 30. Qxf3 Bxf3 31. Kxf3 Ke7 32. Ke4 Ke6 33. h3 f5+ 34. Kd4 Kd6 35. h4 b5 36. Ke3 Ke5 37. Kd3 a5 0-1

[Event "Defi Nez Rouge"]
[Site "Gatineau CAN"]
[Date "2011.12.13"]
[Round "3"]
[White "Desjardins, Michel"]
[Black "Libersan, Mattieu"]
[Result "0-1"]
[WhiteElo "1866"]
[BlackElo "1828"]
[PlyCount "76"]
[GameId "2160767909573365"]
[EventDate "2011.11.29"]
[EventType "swiss"]
[EventRounds "4"]
[EventCountry "CAN"]
[SourceTitle "EXT 2013"]
[Source "ChessBase"]
[SourceDate "2012.11.22"]
[SourceVersion "1"]
[SourceVersionDate "2012.11.22"]
[SourceQuality "1"]

1. e4 e5 2. Nc3 Nf6 3. Bc4 Nc6 4. d3 Bc5 5. f4 d5 6. Nxd5 Nxd5 7. Bxd5 O-O 8. Nf3 Bg4 9. c3 Ne7 10. Bb3 Ng6 11. Qe2 Qf6 12. f5 Nh4 13. Bd2 Nxf3+ 14. gxf3 Qh4+ 15. Kd1 Bh5 16. Kc2 Rfd8 17. Raf1 Rd7 18. Kb1 b5 19. Qg2 Qf6 20. Bc2 b4 21. cxb4 Bd4 22. Qg5 Qb6 23. Qxh5 a5 24. f6 Qxf6 25. f4 axb4 26. fxe5 Qa6 27. e6 Qxa2+ 28. Kc1 Qa1+ 29. Bb1 Bxb2+ 30. Kd1 Qxb1+ 31. Ke2 Qxd3+ 32. Kf2 Qxd2+ 33. Kg3 fxe6 34. Rf3 Bf6 35. h4 Rd3 36. Rhf1 Rxf3+ 37. Rxf3 Qe1+ 38. Kh3 Qxe4 0-1

[Event "Defi Nez Rouge"]
[Site "Gatineau CAN"]
[Date "2011.12.13"]
[Round "3"]
[White "Gagnon, Fabien"]
[Black "Cossette, Daniel"]
[Result "0-1"]
[WhiteElo "1961"]
[BlackElo "2012"]
[PlyCount "96"]
[GameId "2160767909573366"]
[EventDate "2011.11.29"]
[EventType "swiss"]
[EventRounds "4"]
[EventCountry "CAN"]
[SourceTitle "EXT 2013"]
[Source "ChessBase"]
[SourceDate "2012.11.22"]
[SourceVersion "1"]
[SourceVersionDate "2012.11.22"]
[SourceQuality "1"]

1. e4 e6 2. d4 d5 3. Nd2 dxe4 4. Nxe4 Nd7 5. Nf3 Ngf6 6. Bd3 c5 7. c3 cxd4 8. cxd4 Bb4+ 9. Bd2 Bxd2+ 10. Qxd2 Nxe4 11. Bxe4 Nf6 12. Bd3 O-O 13. O-O Bd7 14. Ne5 Qe7 15. Rac1 Rac8 16. Qa5 Bc6 17. Qxa7 Bd5 18. a3 Nh5 19. Rce1 f6 20. Ng4 Bxg2 21. Bxh7+ Kxh7 22. Kxg2 Rc2 23. Qb6 Qd7 24. Ne3 Rc6 25. Qb4 Rd8 26. Rd1 Rd6 27. Kg1 Nf4 28. Rfe1 Qc6 29. Qc3 Qf3 30. Qc2+ Kg8 31. Rd2 Rd5 32. h4 Qh3 33. Qe4 Qxh4 34. Nxd5 Rxd5 35. Re3 Rg5+ 36. Kf1 Qh2 37. Rg3 Rxg3 38. fxg3 Qxd2 39. gxf4 Qc1+ 40. Qe1 Qxf4+ 41. Qf2 Qxf2+ 42. Kxf2 Kf7 43. a4 Ke7 44. Ke3 Kd6 45. Ke4 g5 46. b4 b6 47. a5 bxa5 48. bxa5 Kc6 0-1

[Event "Defi Nez Rouge"]
[Site "Gatineau CAN"]
[Date "2011.12.13"]
[Round "3"]
[White "Guimond, Michel"]
[Black "Dagenais, Benoit"]
[Result "1-0"]
[WhiteElo "1950"]
[BlackElo "1670"]
[PlyCount "63"]
[GameId "2160767909573367"]
[EventDate "2011.11.29"]
[EventType "swiss"]
[EventRounds "4"]
[EventCountry "CAN"]
[SourceTitle "EXT 2013"]
[Source "ChessBase"]
[SourceDate "2012.11.22"]
[SourceVersion "1"]
[SourceVersionDate "2012.11.22"]
[SourceQuality "1"]

1. e4 Nf6 2. Nc3 d5 3. e5 d4 4. exf6 dxc3 5. fxg7 cxd2+ 6. Bxd2 Bxg7 7. Qf3 Bxb2 8. Bc4 e6 9. Rb1 Bg7 10. Nh3 Nc6 11. Bb5 Bd7 12. Bg5 Ne5 13. Qxb7 f6 14. Bxd7+ Nxd7 15. Qc6 fxg5 16. O-O O-O 17. Rbd1 Qf6 18. f4 e5 19. Qxd7 exf4 20. Qd5+ Kh8 21. Qxg5 Qb6+ 22. Kh1 Rg8 23. Rd7 Bh6 24. Qe5+ Rg7 25. Nxf4 Qc6 26. Rxg7 Bxg7 27. Qg5 Rg8 28. Rd1 Qxc2 29. Qd5 Qf2 30. Nh5 Bd4 31. Qxd4+ Qxd4 32. Rxd4 1-0

[Event "Defi Nez Rouge"]
[Site "Gatineau CAN"]
[Date "2011.12.13"]
[Round "3"]
[White "Jiang, Qizhe"]
[Black "Morones, Oliver"]
[Result "1-0"]
[WhiteElo "1343"]
[BlackElo "1222"]
[PlyCount "57"]
[GameId "2160767909573368"]
[EventDate "2011.11.29"]
[EventType "swiss"]
[EventRounds "4"]
[EventCountry "CAN"]
[SourceTitle "EXT 2013"]
[Source "ChessBase"]
[SourceDate "2012.11.22"]
[SourceVersion "1"]
[SourceVersionDate "2012.11.22"]
[SourceQuality "1"]

1. e4 e6 2. d4 d6 3. c4 Bd7 4. Nc3 a6 5. Nf3 h6 6. Bd3 Nf6 7. O-O Nh7 8. Re1 Be7 9. Qe2 Ng5 10. Nxg5 hxg5 11. e5 Nc6 12. exd6 Bxd6 13. g3 Qf6 14. Ne4 Qh6 15. Nxd6+ cxd6 16. h4 Nxd4 17. Qe4 Nc6 18. Bxg5 Qh5 19. g4 Qg6 20. Qe3 f5 21. Bxf5 Qf7 22. Qe4 Ne5 23. Qxb7 Bc6 24. Qxf7+ Kxf7 25. Be4 Rac8 26. Bxc6 Rxc6 27. Re4 Nf3+ 28. Kg2 Nd2 29. Bxd2 1-0

[Event "Defi Nez Rouge"]
[Site "Gatineau CAN"]
[Date "2011.12.13"]
[Round "3"]
[White "Lemieux, Denis"]
[Black "Roth, Gerhard"]
[Result "0-1"]
[WhiteElo "1435"]
[BlackElo "1250"]
[PlyCount "116"]
[GameId "2160767909573369"]
[EventDate "2011.11.29"]
[EventType "swiss"]
[EventRounds "4"]
[EventCountry "CAN"]
[SourceTitle "EXT 2013"]
[Source "ChessBase"]
[SourceDate "2012.11.22"]
[SourceVersion "1"]
[SourceVersionDate "2012.11.22"]
[SourceQuality "1"]

1. d4 Nf6 2. c4 g6 3. Nc3 d5 4. cxd5 Nxd5 5. e4 Nxc3 6. bxc3 c5 7. d5 Bg7 8. Bd2 O-O 9. Rb1 a6 10. g3 b5 11. Bg2 e6 12. dxe6 Bxe6 13. a3 Ra7 14. Ne2 Rd7 15. Qc1 Bc4 16. Be3 Nc6 17. f4 Qa5 18. e5 Nxe5 19. fxe5 Bxe5 20. Kf2 Bxe2 21. Kxe2 Bxc3 22. Kf3 c4 23. Bf1 Qc7 24. Qxc3 Qc6+ 25. Kf2 Qxh1 26. Re1 Qxh2+ 27. Kf3 Re8 28. Bf2 Qh1+ 29. Bg2 Qh5+ 30. g4 Qd5+ 31. Kg3 Qd3+ 32. Qxd3 Rxd3+ 33. Kf4 Rxe1 34. Bxe1 Rxa3 35. Ke4 f5+ 36. gxf5 gxf5+ 37. Kxf5 Re3 38. Bf2 Ra3 39. Be4 Ra1 40. Bc5 a5 41. Kf4 c3 42. Bc6 c2 43. Be3 b4 44. Ba4 Rf1+ 45. Kg3 c1=Q 46. Bxc1 Rxc1 47. Kf3 Rc3+ 48. Ke2 Ra3 49. Bd1 b3 50. Kd2 b2 51. Kc2 Ra1 52. Kxb2 Rxd1 53. Kc2 Rd8 54. Kb3 h5 55. Ka4 Rb8 56. Kxa5 h4 57. Ka6 h3 58. Ka7 Rb2 0-1

[Event "Defi Nez Rouge"]
[Site "Gatineau CAN"]
[Date "2011.12.13"]
[Round "3"]
[White "Menard, Marc"]
[Black "Berthiaume, Serge"]
[Result "1-0"]
[WhiteElo "1490"]
[BlackElo "1417"]
[PlyCount "71"]
[GameId "2160767909573370"]
[EventDate "2011.11.29"]
[EventType "swiss"]
[EventRounds "4"]
[EventCountry "CAN"]
[SourceTitle "EXT 2013"]
[Source "ChessBase"]
[SourceDate "2012.11.22"]
[SourceVersion "1"]
[SourceVersionDate "2012.11.22"]
[SourceQuality "1"]

1. e4 e6 2. d4 d5 3. Nc3 Bb4 4. e5 c5 5. a3 cxd4 6. axb4 dxc3 7. Qg4 g6 8. bxc3 Qc7 9. Ne2 Qxe5 10. Bf4 Qe4 11. f3 Qxc2 12. Be5 f6 13. Rc1 Qb2 14. Bd4 Nc6 15. Bc5 e5 16. Qh4 Bf5 17. Rd1 O-O-O 18. g4 g5 19. Qf2 Bc2 20. Rc1 Bd3 21. Rd1 Bxe2 22. Bxe2 Qxc3+ 23. Kf1 d4 24. Bd3 b6 25. b5 Qxc5 26. bxc6 Kc7 27. Kg2 Qf8 28. Ra1 a5 29. Rhb1 Ne7 30. Qb2 Nd5 31. Be4 Nf4+ 32. Kf1 Rb8 33. Qb5 Ne6 34. Qa6 Qc5 35. Qa7+ Kd6 36. Qd7# 1-0

[Event "Defi Nez Rouge"]
[Site "Gatineau CAN"]
[Date "2011.12.13"]
[Round "3"]
[White "Pilon, Robert"]
[Black "Berthiaume, Patrick"]
[Result "1-0"]
[WhiteElo "1463"]
[BlackElo "1311"]
[PlyCount "33"]
[GameId "2160767909573371"]
[EventDate "2011.11.29"]
[EventType "swiss"]
[EventRounds "4"]
[EventCountry "CAN"]
[SourceTitle "EXT 2013"]
[Source "ChessBase"]
[SourceDate "2012.11.22"]
[SourceVersion "1"]
[SourceVersionDate "2012.11.22"]
[SourceQuality "1"]

1. e4 e5 2. Nf3 Nc6 3. Bc4 Bc5 4. b4 Bxb4 5. c3 Ba5 6. O-O Nf6 7. Ba3 d6 8. d4 exd4 9. cxd4 Nxe4 10. Nbd2 Nxd2 11. Nxd2 Bc3 12. Qf3 Qf6 13. Qxc3 Qxd4 14. Rfe1+ Kf8 15. Qf3 f6 16. Qh5 g6 17. Qh6# 1-0

[Event "Defi Nez Rouge"]
[Site "Gatineau CAN"]
[Date "2011.12.13"]
[Round "3"]
[White "Simard, Paul"]
[Black "Legare, Gilles"]
[Result "1-0"]
[WhiteElo "1138"]
[BlackElo "1125"]
[PlyCount "81"]
[GameId "2160767909573372"]
[EventDate "2011.11.29"]
[EventType "swiss"]
[EventRounds "4"]
[EventCountry "CAN"]
[SourceTitle "EXT 2013"]
[Source "ChessBase"]
[SourceDate "2012.11.22"]
[SourceVersion "1"]
[SourceVersionDate "2012.11.22"]
[SourceQuality "1"]

1. e4 e6 2. g3 d6 3. Bg2 c5 4. d3 Ne7 5. Nf3 Nd7 6. Nc3 a6 7. O-O Ng6 8. a3 e5 9. b4 Be7 10. Nd5 Nb6 11. Nxe7 Qxe7 12. Rb1 Nd7 13. bxc5 dxc5 14. c4 O-O 15. a4 a5 16. Be3 b6 17. Nd2 Rb8 18. f4 exf4 19. Bxf4 Rb7 20. Be3 Nf6 21. h3 Qd6 22. Rf3 Ne5 23. Bf4 Re8 24. Nb3 Nh5 25. Kh2 Nxf3+ 26. Qxf3 Nxf4 27. gxf4 Bd7 28. e5 Qc6 29. Qxc6 Bxc6 30. Bxc6 Rd8 31. Bxb7 Rxd3 32. Bd5 h5 33. h4 Re3 34. Kg2 g6 35. Kf2 Rc3 36. Be4 Rh3 37. Nd2 Rh2+ 38. Ke3 Rh3+ 39. Nf3 Kg7 40. Rg1 f5 41. Bxf5 1-0

[Event "Defi Nez Rouge"]
[Site "Gatineau CAN"]
[Date "2011.12.13"]
[Round "3"]
[White "Traversy, Pierre"]
[Black "Laurin, Marcel"]
[Result "0-1"]
[WhiteElo "1115"]
[BlackElo "1540"]
[PlyCount "98"]
[GameId "2160767909573373"]
[EventDate "2011.11.29"]
[EventType "swiss"]
[EventRounds "4"]
[EventCountry "CAN"]
[SourceTitle "EXT 2013"]
[Source "ChessBase"]
[SourceDate "2012.11.22"]
[SourceVersion "1"]
[SourceVersionDate "2012.11.22"]
[SourceQuality "1"]

1. e4 b6 2. d4 Bb7 3. Bd3 d6 4. Nc3 e6 5. Nf3 Nd7 6. Be3 h6 7. Qd2 Ne7 8. a3 g5 9. h3 Ng6 10. d5 e5 11. O-O-O a6 12. g4 c5 13. Qe2 b5 14. Qd2 c4 15. Be2 Be7 16. Na2 a5 17. b4 cxb3 18. cxb3 Rc8+ 19. Kb1 Ba6 20. Rc1 Nf4 21. Rxc8 Qxc8 22. Bxf4 exf4 23. Rc1 Qb7 24. Nd4 Ne5 25. f3 O-O 26. Qxa5 Bd8 27. Qd2 Bf6 28. Nb4 Ra8 29. Rc2 Nd7 30. Ndc6 Nc5 31. Ka2 Qb6 32. Nd4 Bb7 33. Bxb5 Bxd4 34. a4 Qxb5 35. Qxd4 Nxa4 36. Kb1 Nc5 37. Ra2 Qf1+ 38. Kb2 Qe2+ 39. Nc2 Rxa2+ 40. Kxa2 Qxc2+ 41. Qb2 Qxb2+ 42. Kxb2 Nd3+ 43. Kc2 Ne5 44. Kd2 Nxf3+ 45. Ke2 Ne5 46. b4 Kf8 47. b5 Ke7 48. Kd2 Kd7 49. b6 Nc4+ 0-1

[Event "Defi Nez Rouge"]
[Site "Gatineau CAN"]
[Date "2011.12.20"]
[Round "4"]
[White "Arsenault, Yves"]
[Black "Danilov, Alex"]
[Result "0-1"]
[WhiteElo "1537"]
[BlackElo "1782"]
[PlyCount "44"]
[GameId "2160767909573374"]
[EventDate "2011.11.29"]
[EventType "swiss"]
[EventRounds "4"]
[EventCountry "CAN"]
[SourceTitle "EXT 2013"]
[Source "ChessBase"]
[SourceDate "2012.11.22"]
[SourceVersion "1"]
[SourceVersionDate "2012.11.22"]
[SourceQuality "1"]

1. e4 c5 2. Nf3 e6 3. d4 cxd4 4. Nxd4 Nc6 5. Nc3 Qc7 6. g3 a6 7. Bg2 Nf6 8. O-O d6 9. Be3 Bd7 10. a3 Be7 11. Nxc6 Bxc6 12. f4 Rc8 13. Rc1 b5 14. Qe2 O-O 15. g4 Qb7 16. Bd2 d5 17. e5 d4 18. Bxc6 Qxc6 19. exf6 Bc5 20. Ne4 d3+ 21. Nxc5 dxe2 22. Rf2 Qxc5 0-1

[Event "Defi Nez Rouge"]
[Site "Gatineau CAN"]
[Date "2011.12.20"]
[Round "4"]
[White "Berthiaume, Patrick"]
[Black "Simard, Paul"]
[Result "1-0"]
[WhiteElo "1311"]
[BlackElo "1138"]
[PlyCount "97"]
[GameId "2160767909573375"]
[EventDate "2011.11.29"]
[EventType "swiss"]
[EventRounds "4"]
[EventCountry "CAN"]
[SourceTitle "EXT 2013"]
[Source "ChessBase"]
[SourceDate "2012.11.22"]
[SourceVersion "1"]
[SourceVersionDate "2012.11.22"]
[SourceQuality "1"]

1. e4 d6 2. d4 g6 3. Nf3 Bg7 4. Bc4 Nf6 5. Nc3 O-O 6. Bg5 Nbd7 7. Qd2 h6 8. Bxh6 Nh5 9. Bxg7 Nxg7 10. O-O-O c5 11. dxc5 Nxc5 12. h3 Be6 13. Bxe6 Ncxe6 14. Qh6 Qa5 15. Rd5 Qb6 16. Qh4 Rfe8 17. Rb5 Qc6 18. Rd1 Rad8 19. g4 a6 20. Rbd5 f6 21. Qg3 g5 22. h4 Nf4 23. R5d2 Rf8 24. hxg5 fxg5 25. Nd4 Qc4 26. Nde2 Nfe6 27. Rd5 Nc7 28. Rxg5 Nb5 29. f4 Nc7 30. Rh1 Kf7 31. Rh7 Nce6 32. Rf5+ Kg8 33. Rxf8+ Nxf8 34. Rh6 Nfe6 35. Qh4 Rd7 36. g5 Nd4 37. Qg4 e6 38. Kd2 Rc7 39. Rh3 Qb4 40. Kc1 Nb5 41. Rd3 d5 42. exd5 e5 43. Qg3 Nf5 44. Qf2 e4 45. Rh3 Nxc3 46. Rxc3 Rxc3 47. Nxc3 Nd6 48. f5 Qd4 49. Qxd4 1-0

[Event "Defi Nez Rouge"]
[Site "Gatineau CAN"]
[Date "2011.12.20"]
[Round "4"]
[White "Berthiaume, Serge"]
[Black "Pilon, Robert"]
[Result "1-0"]
[WhiteElo "1417"]
[BlackElo "1463"]
[PlyCount "75"]
[GameId "2160767909573376"]
[EventDate "2011.11.29"]
[EventType "swiss"]
[EventRounds "4"]
[EventCountry "CAN"]
[SourceTitle "EXT 2013"]
[Source "ChessBase"]
[SourceDate "2012.11.22"]
[SourceVersion "1"]
[SourceVersionDate "2012.11.22"]
[SourceQuality "1"]

1. e4 e6 2. Nf3 d5 3. exd5 exd5 4. d4 Bg4 5. Be2 Be7 6. Ne5 Bxe2 7. Qxe2 Nf6 8. Be3 Nbd7 9. Ng4 O-O 10. Nd2 c6 11. O-O-O a5 12. h4 Ne4 13. h5 f5 14. Nxe4 fxe4 15. f4 exf3 16. gxf3 Bg5 17. Rdg1 Qe8 18. Kd2 Bxe3+ 19. Nxe3 Qf7 20. Qg2 Qf6 21. c3 Qh6 22. Rh3 Rf7 23. Kd3 Re8 24. Qg5 Qxg5 25. Rxg5 Re6 26. h6 g6 27. Rgg3 Ref6 28. Ng4 Rf4 29. c4 dxc4+ 30. Kxc4 Nb6+ 31. Kc5 Na4+ 32. Kd6 Rxd4+ 33. Ke6 Rd5 34. Nf6+ Rxf6+ 35. Kxf6 Nxb2 36. Rh2 b5 37. Re2 Nc4 38. Re8# 1-0

[Event "Defi Nez Rouge"]
[Site "Gatineau CAN"]
[Date "2011.12.20"]
[Round "4"]
[White "Cossette, Daniel"]
[Black "Libersan, Mattieu"]
[Result "0-1"]
[WhiteElo "2012"]
[BlackElo "1828"]
[PlyCount "63"]
[GameId "2160767909573377"]
[EventDate "2011.11.29"]
[EventType "swiss"]
[EventRounds "4"]
[EventCountry "CAN"]
[SourceTitle "EXT 2013"]
[Source "ChessBase"]
[SourceDate "2012.11.22"]
[SourceVersion "1"]
[SourceVersionDate "2012.11.22"]
[SourceQuality "1"]

1. e4 c5 2. Nf3 e6 3. c4 Nc6 4. d4 cxd4 5. Nxd4 Nge7 6. Nc3 Nxd4 7. Qxd4 Nc6 8. Qd1 Bb4 9. Bd2 O-O 10. Bd3 Ne5 11. Qe2 Nxd3+ 12. Qxd3 b6 13. O-O Bb7 14. a3 Be7 15. Bf4 f5 16. exf5 Rxf5 17. Bg3 Qc8 18. Rfd1 Qc6 19. f3 Bc5+ 20. Bf2 Bxf2+ 21. Kxf2 Raf8 22. Qe2 Qc5+ 23. Kf1 Bxf3 24. gxf3 Rxf3+ 25. Ke1 Re3 26. Rac1 Rxe2+ 27. Nxe2 Qf2+ 28. Kd2 Rf3 29. Rc2 Qe3+ 30. Ke1 Rf2 31. Rxd7 Rxh2 32. Kd1 0-1

[Event "Defi Nez Rouge"]
[Site "Gatineau CAN"]
[Date "2011.12.20"]
[Round "4"]
[White "Guimond, Michel"]
[Black "Gagnon, Fabien"]
[Result "0-1"]
[WhiteElo "1950"]
[BlackElo "1961"]
[PlyCount "66"]
[GameId "2160767909573378"]
[EventDate "2011.11.29"]
[EventType "swiss"]
[EventRounds "4"]
[EventCountry "CAN"]
[SourceTitle "EXT 2013"]
[Source "ChessBase"]
[SourceDate "2012.11.22"]
[SourceVersion "1"]
[SourceVersionDate "2012.11.22"]
[SourceQuality "1"]

1. e4 c5 2. Nf3 e6 3. d4 cxd4 4. Nxd4 a6 5. Bc4 Nf6 6. Nc3 b5 7. Bb3 b4 8. Na4 Nxe4 9. O-O d5 10. Be3 Bb7 11. Nxe6 fxe6 12. Qh5+ g6 13. Qe5 Qf6 14. Qc7 Bc6 15. f3 Bd6 16. Qc8+ Ke7 17. Qxh8 Qxh8 18. fxe4 Nd7 19. Rae1 Rf8 20. Bg5+ Ke8 21. Rxf8+ Kxf8 22. Bh6+ Ke8 23. exd5 Bxd5 24. c4 bxc3 25. Bxd5 Qd4+ 26. Kh1 Qxd5 27. Nxc3 Qf5 28. Ne4 Be7 29. Ng3 Qd5 30. b3 Nf6 31. Ne2 Ng4 32. Bf4 Nf2+ 33. Kg1 Nd3 0-1

[Event "Defi Nez Rouge"]
[Site "Gatineau CAN"]
[Date "2011.12.20"]
[Round "4"]
[White "Jiang, Qizhe"]
[Black "Lemieux, Denis"]
[Result "1-0"]
[WhiteElo "1343"]
[BlackElo "1435"]
[PlyCount "115"]
[GameId "2160767909573379"]
[EventDate "2011.11.29"]
[EventType "swiss"]
[EventRounds "4"]
[EventCountry "CAN"]
[SourceTitle "EXT 2013"]
[Source "ChessBase"]
[SourceDate "2012.11.22"]
[SourceVersion "1"]
[SourceVersionDate "2012.11.22"]
[SourceQuality "1"]

1. e4 c6 2. d4 d5 3. Nc3 dxe4 4. Nxe4 Bf5 5. Nc3 e6 6. Nf3 h6 7. Be2 Nf6 8. O-O Be7 9. Ne5 O-O 10. Ng4 Nbd7 11. Nxf6+ Nxf6 12. Bf3 Qc7 13. Re1 Rad8 14. Re2 Bd6 15. g3 Rfe8 16. Be3 Bg4 17. Rd2 Bxf3 18. Qxf3 Nd5 19. Nxd5 cxd5 20. Qg4 Kh7 21. Qh5 f5 22. f4 Rf8 23. Rg2 Qf7 24. Qxf7 Rxf7 25. Rc1 Rc7 26. c3 Rdc8 27. Re1 Kg8 28. g4 fxg4 29. Rxg4 Rf7 30. Bc1 Re8 31. Rg6 Rf6 32. Rxf6 gxf6 33. f5 e5 34. dxe5 fxe5 35. Bxh6 e4 36. Be3 b6 37. h4 Bg3 38. Bf2 Bxf2+ 39. Kxf2 Re5 40. Rg1+ Kf7 41. Rg5 Kf6 42. Ke3 Rxf5 43. Rxf5+ Kxf5 44. h5 Kg5 45. c4 dxc4 46. Kxe4 Kxh5 47. Kd4 c3 48. Kxc3 Kg5 49. Kb4 a6 50. a4 Kf5 51. a5 bxa5+ 52. Kxa5 Ke5 53. Kxa6 Kd6 54. Kb6 Kd7 55. Kb7 Kd6 56. b4 Kd7 57. b5 Kd8 58. b6 1-0

[Event "Defi Nez Rouge"]
[Site "Gatineau CAN"]
[Date "2011.12.20"]
[Round "4"]
[White "Lecorre, Joel"]
[Black "Beland, Guy"]
[Result "1-0"]
[WhiteElo "1659"]
[BlackElo "1448"]
[PlyCount "63"]
[GameId "2160767909573380"]
[EventDate "2011.11.29"]
[EventType "swiss"]
[EventRounds "4"]
[EventCountry "CAN"]
[SourceTitle "EXT 2013"]
[Source "ChessBase"]
[SourceDate "2012.11.22"]
[SourceVersion "1"]
[SourceVersionDate "2012.11.22"]
[SourceQuality "1"]

1. e4 c5 2. Nc3 Nc6 3. g3 e6 4. Bg2 Be7 5. f4 Nf6 6. d3 O-O 7. e5 Ne8 8. Nf3 Nc7 9. Ne4 d6 10. exd6 Bxd6 11. Be3 Na6 12. O-O e5 13. fxe5 Nxe5 14. Nxe5 Bxe5 15. Nxc5 Nxc5 16. Bxc5 Bd4+ 17. Bxd4 Qxd4+ 18. Kh1 Rb8 19. c3 Qb6 20. Qd2 Be6 21. d4 Rbd8 22. Qf2 Bc4 23. Rfe1 Rfe8 24. b3 Be6 25. Qf3 Kf8 26. Qxb7 Qxb7 27. Bxb7 Rd7 28. Rxe6 Rxe6 29. Bc8 Rc6 30. Bxd7 Rxc3 31. Re1 g6 32. d5 1-0

[Event "Defi Nez Rouge"]
[Site "Gatineau CAN"]
[Date "2011.12.20"]
[Round "4"]
[White "Legare, Gilles"]
[Black "Laurin, Marcel"]
[Result "0-1"]
[WhiteElo "1125"]
[BlackElo "1540"]
[PlyCount "54"]
[GameId "2160767909573381"]
[EventDate "2011.11.29"]
[EventType "swiss"]
[EventRounds "4"]
[EventCountry "CAN"]
[SourceTitle "EXT 2013"]
[Source "ChessBase"]
[SourceDate "2012.11.22"]
[SourceVersion "1"]
[SourceVersionDate "2012.11.22"]
[SourceQuality "1"]

1. b3 e5 2. e4 Bc5 3. Ba3 Bb6 4. Nc3 Nf6 5. Nf3 d6 6. Be2 Nc6 7. Bb5 Bd7 8. Bc4 O-O 9. d3 Ba5 10. b4 Nxb4 11. Bxb4 Bxb4 12. Qd2 c6 13. a3 Qa5 14. O-O Bxc3 15. Qg5 Bxa1 16. Nh4 Bd4 17. Kh1 d5 18. Nf5 Bxf5 19. exd5 cxd5 20. Bb3 Be6 21. f4 h6 22. Qg3 exf4 23. Qxf4 Qc3 24. Qg3 a6 25. Qf4 b5 26. Qg3 Rae8 27. Qh4 Bf5 0-1

[Event "Defi Nez Rouge"]
[Site "Gatineau CAN"]
[Date "2011.12.20"]
[Round "4"]
[White "Morel, Joseph"]
[Black "Dagenais, Benoit"]
[Result "1/2-1/2"]
[WhiteElo "1603"]
[BlackElo "1670"]
[PlyCount "79"]
[GameId "2160767909573382"]
[EventDate "2011.11.29"]
[EventType "swiss"]
[EventRounds "4"]
[EventCountry "CAN"]
[SourceTitle "EXT 2013"]
[Source "ChessBase"]
[SourceDate "2012.11.22"]
[SourceVersion "1"]
[SourceVersionDate "2012.11.22"]
[SourceQuality "1"]

1. e4 Nf6 2. e5 Nd5 3. c4 Nb6 4. d4 d6 5. exd6 cxd6 6. Nf3 Bg4 7. b3 g6 8. Be2 Bg7 9. Bb2 O-O 10. O-O Nc6 11. h3 Bxf3 12. Bxf3 e6 13. Bxc6 bxc6 14. Nd2 c5 15. Nf3 a5 16. Qd2 a4 17. dxc5 dxc5 18. Bxg7 Qxd2 19. Nxd2 Kxg7 20. Ne4 axb3 21. axb3 Nd7 22. Rfd1 Rxa1 23. Rxa1 Rc8 24. Ra7 Ne5 25. f4 Nc6 26. Rb7 Nd4 27. Ng5 Rf8 28. Ne4 Rc8 29. Ng5 Rf8 30. Rc7 h6 31. Ne4 Nxb3 32. Rb7 Na5 33. Rc7 Nxc4 34. Nxc5 Kg8 35. Nxe6 fxe6 36. Rxc4 Re8 37. Rc7 e5 38. fxe5 Rxe5 39. g4 Re2 40. Ra7 1/2-1/2